| 000 | 01360cam a22003977i 4500 | ||
|---|---|---|---|
| 001 | 17119035 | ||
| 003 | OSt | ||
| 005 | 20231009142131.0 | ||
| 008 | 111116s2011 ii 000 0 eng | ||
| 010 | _a 2011351912 | ||
| 020 | _a9780670098095 | ||
| 020 | _a9789350290521 | ||
| 025 | _aI-E-2011-351912; 25 | ||
| 035 | _a(IN-NdUBS) 2011351912 | ||
| 037 | _bLibrary of Congress -- New Delhi Overseas Office | ||
| 040 |
_aDLC _beng _erda _cDLC _dDLC |
||
| 041 | 1 |
_aeng _hhin |
|
| 042 | _alcode | ||
| 050 | 0 | 0 |
_aMLCS 2011/01943 (P) _aPK2098.22.I78 |
| 082 |
_a891.43371 _bSHR/E |
||
| 100 | 0 |
_aGītāñjali Śrī, _d1957- _eauthor. _99511 |
|
| 240 | 1 | 0 |
_aK̲h̲ālī jagaha. _lEnglish |
| 245 | 1 | 4 |
_aThe empty space / _cGeetanjali Shree ; translated from the Hindi by Nivedita Menon. |
| 264 | 1 |
_aNoida : _bHarper Perennial, _c2011. |
|
| 300 |
_a264 pages ; _c20 cm |
||
| 336 |
_atext _btxt _2rdacontent |
||
| 337 |
_aunmediated _bn _2rdamedia |
||
| 338 |
_avolume _bnc _2rdacarrier |
||
| 500 | _aIncludes P.S. Insights, interviews & more-- | ||
| 500 | _aNovel. | ||
| 500 | _aTranslation of: K̲h̲ālī jagaha. | ||
| 700 | 1 |
_aMenon, Nivedita, _etranslator. |
|
| 906 |
_a7 _bcbc _corigode _d4 _encip _f20 _gy-gencatlg |
||
| 942 |
_2ddc _cBK _h891.43371 _iSHR/E _k891.43371 _mSHR/E |
||
| 999 |
_c42604 _d42604 |
||